| 000 | 01197nam a2200265Ia 4500 | ||
|---|---|---|---|
| 999 |
_c3268 _d3268 |
||
| 003 | OSt | ||
| 005 | 20200320133216.0 | ||
| 008 | 191128s1977 ck ao gr 000 0dspa d | ||
| 040 |
_aCO-JMCR _cCO-JMCR |
||
| 041 |
_aspa _heng |
||
| 082 | 0 | 4 |
_a001.94 / _b B515t |
| 100 | 1 |
_aBerlitz, Charles Frambach, _eautor _91163 |
|
| 245 | 1 | 3 |
_aEl triángulo del las bermudas / _cFrambach Berlitz Charles, autor ; traducción de José Cayuela |
| 260 |
_aBogotá : _bPomaire, _c1977 |
||
| 300 |
_a262 páginas : _bilustraciones, fotografías a blanco y negro ; _c21 cm. |
||
| 440 |
_aCírculo de lectores _91164 |
||
| 504 | _aBibliografía: páginas 262-263. | ||
| 520 | _aEn su libro El triángulo de las Bermudas (1974), Berlitz relata varios casos de barcos y aviones desaparecidos. Ofrece un conjunto de explicaciones convencionales —dadas por la Guardia Costera de Estados Unidos y operadores de empresas de aviación o marin | ||
| 534 | _pTitulo original: The Bermudas Triangle. | ||
| 546 | 1 | _aTraducción del inglés. | |
| 650 | 2 | 4 |
_aCoaliciones aéreas _xhistoria _91165 |
| 650 | 2 | 4 |
_aTriangulo de las bermudas _xnaufragios _91166 |
| 700 | 1 |
_aCayuela, José, _etraductor _91167 |
|
| 942 |
_2ddc _cBK |
||